• 首页
  • 本馆介绍
  • 公告通知
  • 最新文献
  • 馆藏检索
  • 电子资源
  • 读者导购
  • 参考咨询
  • 我的图书馆
  • 登录
  • 详细信息显示
  • 放入我的书架
  • 预约/预借图书
  • 作者相关作品
  • 分类相关作品
  • 丛书相关作品
  • 出版社相关作品

书目信息

  • 表格格式
  • 工作单格式
  • 卡片格式
题名:
幼儿行爲与辅导
    
 
作者: 伊萨 著 ;周天赐 译
分册:  
出版信息: 台北   心理出版社股份有限公司  2011
页数: XIV, 469页
开本: 23cm
丛书名: 幼儿教育系列
单 册:
中图分类: B844.1 , G612
科图分类:
主题词: 行为--儿童心理学--研究 , 学前教育--教育心理辅导
电子资源:
ISBN: 978-986-6121-10-4
000 01259oam2 2200325 450
001 1533794377
005 20150201145854.18
010    @a978-986-6121-10-4@dTWD500.00
100    @a20130219d2011 em y0chiy50 ea
101 0  @achi@ceng
102    @aCN@b710000
105    @ak z 000yy
200 1  @a幼儿行爲与辅导@9you er xing wei yu fu dao@e幼儿行爲改变技术@dWhat to do when:practical guidance strategies for challenging behaviors in the preschool,6e@fEva L.Essa著@g周天赐译@zeng
205    @a第4版
210    @a台北@c心理出版社股份有限公司@d2011
215    @aXIV, 469页@d23cm
225 2  @a幼儿教育系列
314    @a责任者规范汉译姓: 伊萨
461  0 @12001 @a幼儿教育系列
500 10 @aWhat to do when:practical guidance strategies for challenging behaviors in the preschool,6e@9what to do when:practical guidance strategies for challenging behaviors in the preschool,6e@mchi
517 1  @a幼儿行爲改变技术@9you er xing wei gai bian ji shu
518 1  @a幼儿行为与辅导
606 0  @a行为@x儿童心理学@x研究
606 0  @a学前教育@x教育心理辅导
690    @aB844.1@v5
690    @aG612@v5
701  1 @a伊萨@9yi sa@g(Essa, Eva L.)@4著
702  0 @a周天赐@9zhou tian ci@4译
801  0 @aCN@bTSSF@c20150201
905    @aZUCC@dB844.1@eJY49=4
    
    幼儿行爲与辅导:幼儿行爲改变技术=What to do when:practical guidance strategies for challenging behaviors in the preschool,6e/Eva L.Essa著/周天赐译.-第4版.-台北:心理出版社股份有限公司,2011
    XIV, 469页;23cm.-(幼儿教育系列)
    
    
    ISBN 978-986-6121-10-4:TWD500.00
    
●
相关链接 在E读中查询图书 在五车中查询图书 在当当中查询图书 在豆瓣中查询图书


正题名:幼儿行爲与辅导     索取号:B844.1/JY49=4         预约/预借

序号 登录号 条形码 馆藏地/架位号 状态 备注
1 7864518   278645183   学院路分馆/ [索取号:B844.1/JY49=4] 在馆    
2 7864519   278645192   学院路分馆/ [索取号:B844.1/JY49=4] 在馆    
唐山师范学院图书馆 欢迎您!
大连网信软件有限公司© 版权所有